El Viento y el león = The wind and the lion /

El secuestro de una mujer norteamericana que vive en el barrio europeo de Marruecos se convierte en un conflicto diplomático y político: el presidente de Estados Unidos debe proteger los derechos de una ciudadana, además de ganarse la confianza de los electores; para el secuestrador, es una cuestión...

Fuld beskrivelse

Guardado en:
Bibliografiske detaljer
Hovedforfatter: Milius, John (autor)
Andre forfattere: Milius, John (guión) (guión), Williams, Billy (fotógrafo) (fotógrafo), Goldsmith, Jerry (música) (música), Connery, Sean (actuación) (actuación), Bergen, Candice (actuación) (actuación), Keith, Brian (actuación) (actuación)
Format: Slide
Sprog:engelsk
Udgivet: EUA : Paramount, 1975, c1975
Fag:
Tags: Tilføj Tag
Ingen Tags, Vær først til at tagge denne postø!

MARC

LEADER 00000ngm^a2200000^a^4500
001 000050768
005 20250521000000.0
009 20260310090256.56
037 |a Acervo ITESO - Biblioteca 
041 |a ING 
082 |a 810.  |b MIL 
100 |a Milius, John  |e (autor) 
245 1 3 |a El Viento y el león =  |b The wind and the lion /  |c J. Milius. 
264 4 |a EUA :  |b Paramount,  |c 1975, c1975 
264 2 |a México :  |b Videovisa [distribución],  |c fecha no identificada 
300 |a 1 videocasete VHS  |c (117 min.) 
336 |a imagen móvil bidimensional  |b tdi  |2 rdacontenido 
337 |a video  |b v  |2 rdamedio 
338 |a videocasete  |b vf  |2 rdasoporte 
520 |a El secuestro de una mujer norteamericana que vive en el barrio europeo de Marruecos se convierte en un conflicto diplomático y político: el presidente de Estados Unidos debe proteger los derechos de una ciudadana, además de ganarse la confianza de los electores; para el secuestrador, es una cuestión de defender la tierra y el honor de su gente, amenazada por la dictadura del sultán. 
649 |a XX 
650 |a Cine Norteamericano -  |y 1970-1979 
650 |a Películas de Suspenso y Terror 
650 |a Política Exterior -  |z EUA 
650 |a Marruecos -  |x Historia -  |y Siglo XX 
650 |a Dictadura 
650 |a Competencia Internacional (Economía) 
650 |a Jefes de Estado Norteamericanos 
650 |a Comportamiento Electoral 
650 |a Política 
700 |a Milius, John  |e (guión) 
700 |a Williams, Billy  |e (fotógrafo) 
700 |a Goldsmith, Jerry  |e (música) 
700 |a Connery, Sean  |e (actuación) 
700 |a Bergen, Candice  |e (actuación) 
700 |a Keith, Brian  |e (actuación) 
910 |a Fondo General 
920 |a Audiovisuales - Videocasetes 
940 |a Películas 
905 |a 301 
901 |a 0500006275  |b IT2  |c VIS  |u 20250521 
902 |a https://opac.biblio.iteso.mx/vufind/Record/000050768